000 00856nam a22002777a 4500
001 0003414
003 KOHA_MİRAKIL
005 20260207001336.0
007 ta
008 090331b1997 tu |||gr||||#||||0|tur |
040 _aTR-BiSEU
_btur
_cTR-BiSEU
_erda
041 0 _atur
044 _ctu
050 _aQA300
_b.H34 1997
100 1 _aHaeussler, Ernest F..
245 1 _aEkonomi ve işletme öğrencileri için matematiksel analize giriş/
_cErnest F. Haeussler ; Richard S. Paul; çeviren Halit Çakır, Ahmet Öztürk.
264 1 _aBursa :
_bEkin Kitabevi
_c1997
300 _a1 c.
336 _ametin
_btxt
_2rdacontent
337 _aaracısız
_bn
_2rdamedia
338 _acilt
_bnc
_2rdacarrier
650 0 _aTicari matematik.
_91874
650 0 _aMatematiksel analiz.
_92372
650 0 _aMatematiksel ekonomi.
_98293
942 _2lcc
_cBK
999 _c3398
_d3398